Central Library OPAC University of Rajshahi

The Soviet Parliament : (Record no. 70669)

MARC details
000 -LEADER
fixed length control field 00638nam a2200217 a 4500
001 - CONTROL NUMBER
control field 70669
003 - CONTROL NUMBER IDENTIFIER
rucl marc code BD-RjUL
005 - DATE AND TIME OF LATEST TRANSACTION
control field 20211209082027.0
008 - FIXED-LENGTH DATA ELEMENTS--GENERAL INFORMATION
fixed length control field 170418s1978 fr 000 0 eng
035 ## - SYSTEM CONTROL NUMBER
System control number (BD-RjUL)70883
040 ## - CATALOGING SOURCE
Original cataloging agency DLC
Transcribing agency DLC
Modifying agency BD-RjUL
Language of cataloging eng
041 ## - LANGUAGE CODE
Language code of text/sound track or separate title eng
082 00 - DEWEY DECIMAL CLASSIFICATION NUMBER
Edition number 23
Classification number 328.4705
Author mark and year SHS 1978
100 1# - MAIN ENTRY--PERSONAL NAME
Personal name Shitikov, Alexei.
9 (RLIN) 209170
245 14 - TITLE STATEMENT
Title The Soviet Parliament :
Remainder of title how it works /
Statement of responsibility, etc. Alexei Shitikov
260 ## - PUBLICATION, DISTRIBUTION, ETC. (IMPRINT)
Place of publication, distribution, etc. Moscow :
Name of publisher, distributor, etc. Novosti Press Agency Pub. House,
Date of publication, distribution, etc. c1978.
300 ## - PHYSICAL DESCRIPTION
Pagination 117 p. :
Illustrations ill. ;
Size 17 cm.
610 10 - SUBJECT ADDED ENTRY--CORPORATE NAME
Corporate name or jurisdiction name as entry element Soviet Union.
Subordinate unit Verkhovnyĭ Sovet.
942 ## - ADDED ENTRY ELEMENTS (KOHA)
Source of classification or shelving scheme Dewey Decimal Classification
Koha item type Books
Holdings
Lost status Source of classification or shelving scheme Damaged status Not for loan Collection code Permanent Location Current Location Shelving location Date acquired Source of acquisition Cost, normal purchase price Total Checkouts Full call number Date last seen Copy number Koha item type
  Dewey Decimal Classification   Not For Loan Non-fiction Central Library, University of Rajshahi Central Library, University of Rajshahi Reading Room 11/09/1986 N/A 0.00   328.4705 SHS 1978 18/04/2017 C-1 Books